Plant conservation : An ecosystem approach
| Other Authors: | , |
|---|---|
| Format: | Book |
| Published: |
London :
Earthscan ,
2006
|
| Subjects: |
MARC
| LEADER | 00000cam a2200000 7i4500 | ||
|---|---|---|---|
| 001 | 0000003759 | ||
| 005 | 20110525.0 | ||
| 020 | 0 | 0 | |a 1844070832 |
| 090 | 0 | 0 | |a 333.9531622 |b ALAN 2006 |
| 245 | 1 | 3 | |a Plant conservation : |b An ecosystem approach |c Hamilton, Alan |
| 260 | 0 | 0 | |a London : |b Earthscan , |c 2006 |
| 300 | |a xxvi.324 p. : |b ill.maps ; |c 24 cm. | ||
| 500 | 0 | 0 | |a Includes bibliography references and index |
| 650 | 0 | 0 | |a Plants conservation |
| 700 | 0 | 1 | |a Hamilton, Alan |
| 700 | 0 | 1 | |a Hamilton, Patrick |
| 999 | |a 007602 |b Monograph |c Open Shelf |e Default branch | ||